000 00283nam a22001217a 4500
040 _cHS
082 _a631
100 _aសួស ចំណាន
245 _aម៉ាស៊ីនកសិក្ម
260 _aRUA
_bសូស ចំណាន
_c2011
300 _a38p.
942 _cKB
999 _c8699
_d8699